Working capital management in Indian paper industry / (Record no. 16711)

MARC details
000 -LEADER
fixed length control field 01184 a2200289 4500
005 - DATE AND TIME OF LATEST TRANSACTION
control field 20081014123653.0
008 - FIXED-LENGTH DATA ELEMENTS--GENERAL INFORMATION
fixed length control field 081014t xxu||||| |||| 00| 0 eng d
010 ## - LCCN (DPL NO)
LC control number ENG-91326
020 ## - INTERNATIONAL STANDARD BOOK NUMBER
International Standard Book Number 817341436X
Terms of availability 395.00
035 ## - SYSTEM CONTROL NUMBER
System control number EN-74859
037 ## - SOURCE OF ACQUISITION
Source of stock number/acquisition DBAD / PUB
040 ## - CATALOGING SOURCE
Original cataloging agency dpl
Language of cataloging English
082 ## - DEWEY DECIMAL CLASSIFICATION NUMBER
Classification number 332.0412068
100 ## - MAIN ENTRY--PERSONAL NAME
Personal name Mahapatra, Rudra Prasanna
245 ## - TITLE STATEMENT
Title Working capital management in Indian paper industry /
Statement of responsibility, etc by Rudra Prasanna Mahapatra [and] Arun Kumar Panda
260 ## - PUBLICATION, DISTRIBUTION, ETC. (IMPRINT)
Place of publication, distribution, etc Delhi
Name of publisher, distributor, etc Indian Publishers Distributors
Date of publication, distribution, etc 2008
270 ## - ADDRESS
Address 156-D, Kamla Nagar,
State or province Delhi
Postal code 110007
300 ## - PHYSICAL DESCRIPTION
Extent 189p.
Dimensions 22 cm (Hb)
500 ## - GENERAL NOTE
General note Includes bibliographical references
650 ## - SUBJECT ADDED ENTRY--TOPICAL TERM
Topical term or geographic name as entry element Paper industry
Geographic subdivision India
General subdivision Finance
-- Case studies
650 ## - SUBJECT ADDED ENTRY--TOPICAL TERM
Topical term or geographic name as entry element Paper industry
Geographic subdivision India
General subdivision Finance
-- Statistics
650 ## - SUBJECT ADDED ENTRY--TOPICAL TERM
Topical term or geographic name as entry element Working capital
Geographic subdivision India
General subdivision Case studies
650 ## - SUBJECT ADDED ENTRY--TOPICAL TERM
Topical term or geographic name as entry element Working capital
Geographic subdivision India
General subdivision Statistics
700 ## - ADDED ENTRY--PERSONAL NAME
Personal name Panda, Arun Kumar
942 ## - ADDED ENTRY ELEMENTS (KOHA)
Institution code [OBSOLETE] dpl
Item type English Books
Source of classification or shelving scheme Dewey Decimal Classification
Call number suffix MAH
Classification part 332.0412068
Holdings
Withdrawn status Lost status Source of classification or shelving scheme Damaged status Not for loan Collection code Home library Current library Date acquired Source of acquisition Cost, normal purchase price Total Checkouts Full call number Barcode Date last seen Copy number Cost, replacement price Koha item type
    Dewey Decimal Classification   Not For Loan Non-fiction D.B.Act.Division D.B.Act.Division 14/10/2008 DBAD / PUB 395.00   332.0412068 MAH EN-74859 14/10/2008 1 395.00 English Books

© Delhi Public Library
Hit Counter
free hit counter